Quick Pick: Deserts by Country Quiz Stats

Quiz Updated Jun 30, 2016

Challenge
Share
Tweet
Embed
Score 0/10 Timer 01:00
3 Plays Today
% Correct
Great Victoria
84.5%
Mojave
82.3%
Gobi
76.8%
Atacama
74.2%
Sahara
70.5%
Kalahari
62.7%
Arabian
61.2%
Karakum
45.6%
Dasht-e Margo
36.6%
Thar
32.1%

Today's Daily Dose

Missing Word
NPR Programs

Quick Pick
1991 Events

On This Day
June 18th II

You're not logged in!

Compare scores with friends on all Sporcle quizzes.
Join for Free
OR
Log In

You Might Also Like...

Show Comments

Extras

Top Quizzes Today


Score Distribution

Your Account Isn't Verified!

In order to create a playlist on Sporcle, you need to verify the email address you used during registration. Go to your Sporcle Settings to finish the process.

Report this User

Report this user for behavior that violates our Community Guidelines.

Details: